Ont-ils déjà joué avec... Emily Blunt ? - Statistiques

Statistiques générales
  • Ce quiz a été pris 6 fois
  • Le résultat moyen est 3 sur 10
Answers on the Grid
Answers color-coded by a green-red scale on the quiz's grid according to % correct below.
Emily Ratajkowski
Oprah Winfrey
Dustin Hoffman
Benedict Cumberbatch
Barbra Streisand
Sean Penn
Sigourney Weaver
Jennifer Lawrence
Christian Bale
Colin Farrell
Amy Adams
Benicio Del Toro
Mark Strong
Steve Carell
Dakota Johnson
Jack Black
Christopher Walken
Rupert Grint
Ewan McGregor
Tom Hanks
 
Statistiques - réponses
Réponse % Correct
Amy Adams
67%
Ewan McGregor
67%
Jack Black
33%
Tom Hanks
33%
Christopher Walken
17%
Dakota Johnson
17%
Rupert Grint
17%
Steve Carell
17%
Benicio Del Toro
0%
Mark Strong
0%
Aucun quiz correspondant
Distribution des résultats
% des personnes avec chaque résultat
Percentile par nombre de réponses
Votre historique - résultats
Vous n’avez pas pris ce quiz